Associations of adherence to physical activity and dietary recommendations with weight recurrence 1-5 years after metabolic and bariatric surgery
Background - Little is known about longer-term adherence to recommended physical activity (PA) and dietary behaviors after metabolic and bariatric surgery (MBS) and whether adherence is associated with weight recurrence. - Objectives - To explore (1) changes in and associations between adherence to...
Saved in:
| Main Authors: | , , , , , |
|---|---|
| Format: | Article (Journal) |
| Language: | English |
| Published: |
[2024]
|
| In: |
Surgery for obesity and related diseases
Year: 2024, Volume: 20, Issue: 4, Pages: 383-390 |
| ISSN: | 1878-7533 |
| DOI: | 10.1016/j.soard.2023.11.014 |
| Online Access: | Verlag, lizenzpflichtig, Volltext: https://doi.org/10.1016/j.soard.2023.11.014 Verlag, lizenzpflichtig, Volltext: https://www.sciencedirect.com/science/article/pii/S1550728923008055 |
| Author Notes: | Christine Sundgot-Borgen, Dale S. Bond, Øyvind Rø, Falko Sniehotta, Jon Kristinsson, Ingela Lundin Kvalem |
MARC
| LEADER | 00000caa a2200000 c 4500 | ||
|---|---|---|---|
| 001 | 1908761741 | ||
| 003 | DE-627 | ||
| 005 | 20241220171143.0 | ||
| 007 | cr uuu---uuuuu | ||
| 008 | 241115s2024 xx |||||o 00| ||eng c | ||
| 024 | 7 | |a 10.1016/j.soard.2023.11.014 |2 doi | |
| 035 | |a (DE-627)1908761741 | ||
| 035 | |a (DE-599)KXP1908761741 | ||
| 035 | |a (OCoLC)1475647518 | ||
| 040 | |a DE-627 |b ger |c DE-627 |e rda | ||
| 041 | |a eng | ||
| 084 | |a 33 |2 sdnb | ||
| 100 | 1 | |a Sundgot-Borgen, Christine |e VerfasserIn |0 (DE-588)1340257688 |0 (DE-627)1899572651 |4 aut | |
| 245 | 1 | 0 | |a Associations of adherence to physical activity and dietary recommendations with weight recurrence 1-5 years after metabolic and bariatric surgery |c Christine Sundgot-Borgen, Dale S. Bond, Øyvind Rø, Falko Sniehotta, Jon Kristinsson, Ingela Lundin Kvalem |
| 264 | 1 | |c [2024] | |
| 300 | |a 8 | ||
| 336 | |a Text |b txt |2 rdacontent | ||
| 337 | |a Computermedien |b c |2 rdamedia | ||
| 338 | |a Online-Ressource |b cr |2 rdacarrier | ||
| 500 | |a Gesehen am 15.11.2024 | ||
| 520 | |a Background - Little is known about longer-term adherence to recommended physical activity (PA) and dietary behaviors after metabolic and bariatric surgery (MBS) and whether adherence is associated with weight recurrence. - Objectives - To explore (1) changes in and associations between adherence to PA and general dietary recommendations after MBS and (2) whether PA and dietary behaviors interact to predict weight recurrence. - Setting - University hospital; public practice. - Methods - Participants completed ActiGraph PA monitoring, dietary questionnaire, and weighing 1 and 5 years after surgery. Parametric and non-parametric tests evaluated changes in and associations between adherence to PA and dietary recommendations. Multiple linear regression explored associations of adherence and weight recurrence 5 years post-surgery. - Results - A total of 73 participants (66% loss to follow-up, 80.8% females) were included. From 1 to 5 years after surgery, adherence to PA recommendations did not change (23.5% versus 20.5%, P = .824), whereas adherence to dietary recommendations decreased (P = <.001). Adherence to PA recommendations is positively associated with eating fruits and vegetables and limiting intake of sugar and fat at 1 year (P < .05) and negatively associated with choosing meat with less fat at 5 years (P = .018). Adherence to PA and dietary behaviors did not independently contribute or interact to predict weight recurrence. - Conclusions - Adherence to recommendations was poor. Dietary adherence decreased from 1 to 5 years post-surgery, whereas PA adherence remained stable. PA adherence was positively associated with adherence to some dietary recommendations at 1 year but not at 5 years. Neither behavioral adherences were associated with weight recurrence. Additional research is needed to understand how to improve adherence and its relationship with other health outcomes after MBS. | ||
| 650 | 4 | |a Bariatric surgery | |
| 650 | 4 | |a Dietary habits | |
| 650 | 4 | |a Eating behavior | |
| 650 | 4 | |a Physical activity | |
| 650 | 4 | |a Weight recurrence | |
| 700 | 1 | |a Bond, Dale S. |e VerfasserIn |4 aut | |
| 700 | 1 | |a Rø, Øyvind |e VerfasserIn |4 aut | |
| 700 | 1 | |a Sniehotta, Falko F. |d 1972- |e VerfasserIn |0 (DE-588)127421565X |0 (DE-627)1824019866 |4 aut | |
| 700 | 1 | |a Kristinsson, Jon |e VerfasserIn |4 aut | |
| 700 | 1 | |a Kvalem, Ingela Lundin |e VerfasserIn |4 aut | |
| 773 | 0 | 8 | |i Enthalten in |t Surgery for obesity and related diseases |d New York, NY [u.a.] : Elsevier, 2005 |g 20(2024), 4, Seite 383-390 |h Online-Ressource |w (DE-627)481274804 |w (DE-600)2179369-4 |w (DE-576)403344883 |x 1878-7533 |7 nnas |a Associations of adherence to physical activity and dietary recommendations with weight recurrence 1-5 years after metabolic and bariatric surgery |
| 773 | 1 | 8 | |g volume:20 |g year:2024 |g number:4 |g pages:383-390 |g extent:8 |a Associations of adherence to physical activity and dietary recommendations with weight recurrence 1-5 years after metabolic and bariatric surgery |
| 856 | 4 | 0 | |u https://doi.org/10.1016/j.soard.2023.11.014 |x Verlag |x Resolving-System |z lizenzpflichtig |3 Volltext |
| 856 | 4 | 0 | |u https://www.sciencedirect.com/science/article/pii/S1550728923008055 |x Verlag |z lizenzpflichtig |3 Volltext |
| 951 | |a AR | ||
| 992 | |a 20241115 | ||
| 993 | |a Article | ||
| 994 | |a 2024 | ||
| 998 | |g 127421565X |a Sniehotta, Falko F. |m 127421565X:Sniehotta, Falko F. |d 60000 |d 65300 |e 60000PS127421565X |e 65300PS127421565X |k 0/60000/ |k 1/60000/65300/ |p 4 | ||
| 999 | |a KXP-PPN1908761741 |e 4615269625 | ||
| BIB | |a Y | ||
| SER | |a journal | ||
| JSO | |a {"relHost":[{"origin":[{"dateIssuedKey":"2005","dateIssuedDisp":"2005-","publisherPlace":"New York, NY [u.a.]","publisher":"Elsevier"}],"language":["eng"],"disp":"Associations of adherence to physical activity and dietary recommendations with weight recurrence 1-5 years after metabolic and bariatric surgerySurgery for obesity and related diseases","titleAlt":[{"title":"SOARD"}],"note":["Gesehen am 07.07.14"],"title":[{"subtitle":"SOARD ; the official journal of the American Society for Bariatric Surgery","title":"Surgery for obesity and related diseases","title_sort":"Surgery for obesity and related diseases"}],"part":{"year":"2024","volume":"20","pages":"383-390","text":"20(2024), 4, Seite 383-390","extent":"8","issue":"4"},"id":{"issn":["1878-7533"],"eki":["481274804"],"zdb":["2179369-4"]},"physDesc":[{"extent":"Online-Ressource"}],"recId":"481274804","pubHistory":["1.2005 -"],"type":{"media":"Online-Ressource","bibl":"periodical"}}],"origin":[{"dateIssuedKey":"2024","dateIssuedDisp":"[2024]"}],"language":["eng"],"person":[{"given":"Christine","family":"Sundgot-Borgen","role":"aut","display":"Sundgot-Borgen, Christine"},{"display":"Bond, Dale S.","family":"Bond","role":"aut","given":"Dale S."},{"display":"Rø, Øyvind","role":"aut","family":"Rø","given":"Øyvind"},{"display":"Sniehotta, Falko F.","role":"aut","family":"Sniehotta","given":"Falko F."},{"display":"Kristinsson, Jon","family":"Kristinsson","role":"aut","given":"Jon"},{"display":"Kvalem, Ingela Lundin","family":"Kvalem","role":"aut","given":"Ingela Lundin"}],"title":[{"title":"Associations of adherence to physical activity and dietary recommendations with weight recurrence 1-5 years after metabolic and bariatric surgery","title_sort":"Associations of adherence to physical activity and dietary recommendations with weight recurrence 1-5 years after metabolic and bariatric surgery"}],"id":{"eki":["1908761741"],"doi":["10.1016/j.soard.2023.11.014"]},"note":["Gesehen am 15.11.2024"],"name":{"displayForm":["Christine Sundgot-Borgen, Dale S. Bond, Øyvind Rø, Falko Sniehotta, Jon Kristinsson, Ingela Lundin Kvalem"]},"type":{"media":"Online-Ressource","bibl":"article-journal"},"physDesc":[{"extent":"8 S."}],"recId":"1908761741"} | ||
| SRT | |a SUNDGOTBORASSOCIATIO2024 | ||